Los sindicatos en Checoslovaquia

Podrobná bibliografia
Médium: Kniha
Jazyk:španielčina
čeština
Fyzický popis:91 s. [1] s.
Vydavateľské údaje: Praga Práce 1975
Predmet:

MARC

LEADER 00000nam a22000005a 4500
001 vtls011543542
003 SK-MaSNL
005 20260301220207.0
008 210928s1975 xr 000 0 spa
040 |a SNK  |b slo  |c SNK  |e AACR2 
041 1 |a spa  |h cze 
044 |a xr  |c CZ 
072 7 |a 06  |x Organizácie všeobecnej povahy  |2 konspekt 
080 |a 061  |2 2011 
245 0 0 |a Los sindicatos en Checoslovaquia 
260 |a Praga  |b Práce  |c 1975 
300 |a 91 s. [1] s. 
650 0 7 |a inštitúcie a organizácie  |2 SNKPH  |9 66282 
852 |a Slovenská národná knižnica v Martine  |b 10000  |h SC 36444 
852 |a Štátna vedecká knižnica v Banskej Bystrici 
958 |a OND 
999 |c 930951  |d 932881 
952 |a SNK  |b SNK  |y VYP  |7 0  |p 17A1150116  |o snkSC 36444 D1  |i snkKIP 5858/75  |3 rekatalogizácia  |0 0  |1 0  |4 0  |d 2016-04-05  |l 0  |r 2026-02-24 08:47:44  |w 2026-02-24